| 000 | 01036nam a22002657a 4500 | ||
|---|---|---|---|
| 999 |
_c65774 _d65774 |
||
| 005 | 20240530110842.0 | ||
| 008 | 200912s2018 ua a f b 000 0dara d | ||
| 017 |
_a2018/22601 _bمصر. دار الكتب |
||
| 020 | _a9789779120409 | ||
| 040 |
_aEG-CaGPL _cEG-CaGPL |
||
| 082 | 0 | 4 |
_221 _a338.17371 _bق/هـ د |
| 100 | 0 | _aهيام صابر | |
| 245 | 1 | 2 |
_aالدخان والمجتمع المصرى فى النصف الثانى من القرن التاسع عشر 1848 - 1914 م / _cهيام صابر |
| 250 | _aط.1 | ||
| 260 |
_aالقاهرة : _bالهيئة المصرية العامة للكتاب، _c2018 |
||
| 300 |
_a408 ص. ؛ _c24 سم. |
||
| 490 | 0 |
_aتاريخ المصريين ؛ _v317 |
|
| 650 | 0 | 7 |
_2qrmak _aالمجتمع المصرى |
| 650 | 0 | 7 |
_aالتبغ _zمصر _yالقرن التاسع عشر _2qrmak |
| 650 | 0 | 7 |
_aالتبغ _xتاريخ _2qrmak |
| 650 | 0 | 7 |
_aالتبغ _xصناعة وتجارة _2qrmak |
| 651 | _2qrmak | ||
| 942 |
_2ddc _cBK |
||